000 00582nam a2200217Ia 4500
005 20260429111935.0
008 260429s9999||||xx |||||||||||||| ||und||
020 _a9788119681143
041 _aEnglish
082 _a910.72
_bJOS
100 _aJoshi, Veena
245 0 _aResearch methodology in geography /
_cVeena Joshi
250 _a1st ed.
260 _aDelhi :
_bManglam Publications,
_c2024.
300 _axxiii, 402 p.; hb
650 _a Human geography
650 _a Research methods
650 _a Spatial analysis
650 _aGeography-Research
942 _cTB
999 _c51532
_d51532